Tiempos de la subjetividad /

Enregistré dans:
Détails bibliographiques
Auteur principal: Jiménez Tomás, Sandra
Format: Texte
Tags: Ajouter un tag
Pas de tags, Soyez le premier à ajouter un tag!

MARC

LEADER 00000 a a2200000 04500
001 8735
003
040
100 |a Jiménez Tomás, Sandra  
245 |a Tiempos de la subjetividad /  |c Sandra Jiménez Tomás 
773 |g número 12; páginas 9-25  
999 |c 25011  |d 25011